00988 a2200181 45000010006000000050017000060080041000230030015000640400040000790800073001192450047001922500011002392640034002503000018002845050359003021000025006618560120006862369020260407155523.0260407a2008 arg spa dAR-UNSa-BCEJYS aAR-UNSa-BCEJYSbspacAR-UNSa-BCEJYS a658.3xPersonal. Relaciones humanas en la empresa (Recursos Humanos)10aGestión por competenciaspel diccionario a2a. ed 1aBuenos Aires :bGranicac2008 a301 p.c23 cm a1. La gestión de recursos humanos por competencias - 2. Frases relacionadas - 3. El diccionario de competencias. Su utilización - 4. Comencemos por el principio: visión, misión y valores - 5. Las competencias cardinales - 6. Niveles ejecutivos - 7. Niveles intermedios - 8. Niveles iniciales - 9.Competencias del conocimiento - 10. E-competences.1 aAlles, Martha Alicia41uhttps://biblioeco.unsa.edu.ar/pmb/images/libros/Gestion por competencias-l117680.jpgyImagen de portadaqimage/jpeg